LEADER 03350nam 2200577 a 450 001 9910781722103321 005 20230607223622.0 010 $a1-283-31214-X 010 $a9786613312143 010 $a90-272-7537-8 035 $a(CKB)2550000000049929 035 $a(EBL)784284 035 $a(OCoLC)756484592 035 $a(SSID)ssj0000826462 035 $a(PQKBManifestationID)11458651 035 $a(PQKBTitleCode)TC0000826462 035 $a(PQKBWorkID)10808400 035 $a(PQKB)10235080 035 $a(MiAaPQ)EBC784284 035 $a(Au-PeEL)EBL784284 035 $a(CaPaEBR)ebr10509605 035 $a(EXLCZ)992550000000049929 100 $a20020916d2002 uy 0 101 0 $aeng 135 $aur|n|---||||| 181 $ctxt 182 $cc 183 $acr 200 10$aFrom Whitney to Chomsky$b[electronic resource] $eessays in the history of American linguistics /$fJohn E. Joseph 210 $aAmsterdam ;$aPhiladelphia $cJ. Benjamins Pub.$dc2002 215 $a1 online resource (242 p.) 225 1 $aAmsterdam studies in the theory and history of linguistic science. Series III, Studies in the history of the language sciences,$x0304-0720 ;$vv. 103 300 $aDescription based upon print version of record. 311 $a1-58811-349-3 311 $a90-272-4592-4 320 $aIncludes bibliographical references (p. [197]-222) and index. 327 $aFROM WHITNEY TO CHOMSKY: ESSAYS IN THE HISTORY OF AMERICAN LINGUISTICS; Editorial page; Title page; Copyright page; Table of contents; Dedication; Acknowledgements; CHAPTER 1. THE MULTIPLE AMBIGUITIES OF AMERICAN LINGUISTIC IDENTITY; CHAPTER 2. THE AMERICAN WHITNEY' AND HIS EUROPEAN HERITAGES AND LEGACIES; CHAPTER 3. 20TH-CENTURY LINGUISTICS IN AMERICA AND EUROPE; CHAPTER 4. THE SOURCES OF THE 'SAPIR-WHORF HYPOTHESIS'; CHAPTER 5. THE ORIGINS OF AMERICAN SOCIOLINGUISTICS; CHAPTER 6. BLOOMFIELD'S AND CHOMSKY'S READINGS OF THE COURS DE LINGUISTIQUE GE?NE?RALE 327 $aCHAPTER 7. HOW STRUCTURALIST WAS 'AMERICAN STRUCTURALISM'?CHAPTER 8. HOW BEHAVIOURIST WAS VERBAL BEHAVIOR?; CHAPTER 9. THE POPULAR (MIS)INTERPRETATIONS OF WHORF AND CHOMSKY: WHAT THEY HAD IN COMMON, AND WHY THEY HAD TO HAPPEN; REFERENCES; INDEX 330 $aWhat is 'American' about American linguistics? Is Jakobson, who spent half his life in America, part of it? What became of Whitney's genuinely American conception of language as a democracy? And how did developments in 20th-century American linguistics relate to broader cultural trends?This book brings together 15 years of research by John E. Joseph, including his discovery of the meeting between Whitney and Saussure, his ground-breaking work on the origins of the 'Sapir-Whorf Hypothesis' and of American sociolinguistics, and his seminal examination of Bloomfield and Chomsky as readers of Saus 410 0$aAmsterdam studies in the theory and history of linguistic science.$nSeries III,$pStudies in the history of the language sciences ;$vv. 103. 606 $aLinguistics$zUnited States$xHistory 615 0$aLinguistics$xHistory. 676 $a410/.973 700 $aJoseph$b John Earl$0161427 801 0$bMiAaPQ 801 1$bMiAaPQ 801 2$bMiAaPQ 906 $aBOOK 912 $a9910781722103321 996 $aFrom Whitney to Chomsky$9748027 997 $aUNINA LEADER 04786oam 2200937 c 450 001 9910964411703321 005 20260408080230.0 010 $a3-657-70265-2 024 7 $a10.30965/9783657702657 035 $a(MiAaPQ)EBC30180227 035 $a(Au-PeEL)EBL30180227 035 $a(CKB)25179531300041 035 $a(nllekb)BRILL9783657702657 035 $a(OCoLC)1348482316 035 $a(Brill | Scho?ningh)9783657702657 035 $a(Brill | Schöningh)9783657702657 035 $a(EXLCZ)9925179531300041 100 $a20260408d2022 uy 0 101 0 $ager 135 $aurcnu|||||||| 181 $ctxt$2rdacontent 182 $cc$2rdamedia 183 $acr$2rdacarrier 200 10$aIsonzo 1915/17$eVölkerschlachten am Gebirgsfluss$fRolf Wörsdörfer 205 $a1st ed. 210 $aPaderborn$cBrill | Schöningh$d2022 215 $a1 online resource (302 pages) 225 0 $aSchlachten ? Stationen der Weltgeschichte 311 08$a3-506-70265-3 320 $aIncludes bibliographical references and index. 327 $tPreliminary Material /$rRolf Wörsdörfer -- Vorwort /$rRolf Wörsdörfer -- ?Graugrün? vs. ?Feldgrau? /$rRolf Wörsdörfer -- Aufmarsch am Karst /$rRolf Wörsdörfer -- Industrieller Krieg um Görz /$rRolf Wörsdörfer -- Schulterstöße und Durchbruch /$rRolf Wörsdörfer -- Vom Isonzo zum Piave /$rRolf Wörsdörfer -- Nachleben einer Front /$rRolf Wörsdörfer -- Anmerkungen /$rRolf Wörsdörfer -- Abbildungen /$rRolf Wörsdörfer -- Karten /$rRolf Wörsdörfer -- Quellen und Literatur /$rRolf Wörsdörfer -- Abbildungsverzeichnis /$rRolf Wörsdörfer -- Zeittafel /$rRolf Wörsdörfer -- Register /$rRolf Wörsdörfer. 330 $aAm Gebirgsfluss Isonzo ? auf Slowenisch So?a ? verlief vom Frühjahr 1915 bis zum Herbst 1917 die Hauptfront zwischen dem Kaiserreich Österreich-Ungarn und dem jungen Nationalstaat Italien. Nachdem der italienische Generalstabschef Luigi Cadorna in elf Offensiven gegen die österreichischen Stellungen nur wenig Geländegewinn erzielt hatte, waren die Streitkräfte der Mittelmächte im Oktober 1917 in der Lage, die Linien des Gegners zu durchbrechen. Das italienische Heer musste sich 150 Kilometer weit nach Westen bis zum Piave zurückziehen. Für Habsburg erwies sich der militärische Erfolg als Pyrrhussieg. Rom begann, die Nationalitäten der Donaumonarchie im Kampf um die Eigenstaatlichkeit zu unterstützen. Die verlustreichen Materialschlachten am Isonzo sind eng verwoben mit Ereignissen von globalgeschichtlichem Rang: dem Zerfall der Habsburgermonarchie und der Errichtung des Mussolini-Regimes. Rolf Wörsdörfers Buch basiert auf Briefwechseln, Erinnerungen und Tagebuchnotizen von Soldaten, Krankenschwestern, Ärzten, Feldkaplänen, Journalistinnen, Politikern und Alpinisten. Der Verfasser wertet Texte österreichischer, deutscher, italienischer, slowenischer, tschechischer, kroatischer und ungarischer Herkunft aus, um sie vor dem Hintergrund des internationalen Forschungsstandes zu diskutieren. Auf diese Weise entsteht ein zugleich facettenreiches und realitätsnahes Bild der Völkerschlachten am Gebirgsfluss, die zu den bedeutendsten und folgenreichsten Großereignissen des Ersten Weltkriegs zählen. 410 0$aSchlachten ? Stationen der Weltgeschichte. 410 0$aScho?ningh and Fink Early Modern and Modern History E-Books Online, Collection 2023. 606 $aAlpen 606 $aItalien 606 $aSlowenien 606 $aErster Weltkrieg 606 $aMilitärgeschichte 606 $aMaterialschlachten 606 $aStellungskrieg 606 $aVielvölkerreich 606 $aAttrition warfare 606 $aNationalstaat 606 $apositional warfare 606 $amultinational state 606 $anation-state 606 $aItaly 606 $aAustria-Hungary 606 $aSlovenia 606 $aWorld War I 606 $aFascism 606 $aMilitary History 615 4$aAlpen 615 4$aItalien 615 4$aSlowenien 615 4$aErster Weltkrieg 615 4$aMilitärgeschichte 615 4$aMaterialschlachten 615 4$aStellungskrieg 615 4$aVielvölkerreich 615 4$aAttrition warfare 615 4$aNationalstaat 615 4$apositional warfare 615 4$amultinational state 615 4$anation-state 615 4$aItaly 615 4$aAustria-Hungary 615 4$aSlovenia 615 4$aWorld War I 615 4$aFascism 615 4$aMilitary History 676 $a940.4145 700 $aWörsdörfer$b Rolf$4aut$00 801 0$bMiAaPQ 801 1$bMiAaPQ 801 2$bMiAaPQ 906 $aBOOK 912 $a9910964411703321 996 $aIsonzo 1915$94302262 997 $aUNINA